Uplatnění problémového vyučování a další možnosti zdokonalení výuky účetnictví v sekundárním vzdělávání
Príspevok prináša niektoré námety k zdokonaleniu vyučovacieho procesu predmetu účtovníctvo na obchodných akadémiách.
Salvato in:
| Autore principale: | |
|---|---|
| Natura: | Capitolo di libro |
| Lingua: | ceco |
| Soggetti: | |
| Tags: |
Nessun Tag, puoi essere il primo ad aggiungerne!!
|
MARC
| LEADER | 00000nla a2200000 4500 | ||
|---|---|---|---|
| 001 | 0200009 | ||
| 005 | 20240417075056.7 | ||
| 041 | 0 | |a cze | |
| 044 | |a CZ | ||
| 245 | 1 | 0 | |a Uplatnění problémového vyučování a další možnosti zdokonalení výuky účetnictví v sekundárním vzdělávání |c Marie Fišerová |
| 520 | |a Príspevok prináša niektoré námety k zdokonaleniu vyučovacieho procesu predmetu účtovníctvo na obchodných akadémiách. | ||
| 610 | 2 | 0 | |a školy stredné |
| 610 | 2 | 0 | |a školy stredné odborné |
| 610 | 2 | 0 | |a vyučovanie |
| 610 | 2 | 0 | |a účtovníctvo |
| 100 | 1 | |a Fišerová, Marie | |